Nghệ thuật thơ Chế Lan Viên qua tập Điêu tàn

Chế Lan Viên - "người lạ mặt giữa thế giới điêu tàn''...Thế giới hình tượng trong thơ Chế Lan Viên qua tập Điêu tàn...Đặc trưng giọng điệu thơ Chế Lan Viên qua tập Điêu tàn...

Đã lưu trong:
書目詳細資料
主要作者: Lê, Thị Trang
其他作者: Nguyễn, Phong Nam Người hướng dẫn (GVC.TS)
格式: 圖書
語言:Vietnamese
出版: Đại học Sư Phạm Đại học Đà Nẵng 2011
主題:
標簽: 添加標簽
沒有標簽, 成為第一個標記此記錄!
Thư viện lưu trữ: Mạng thư viện Đại học Đà Nẵng
LEADER 01156nam a2200301 4500
001 000011157
003 7389
005 20120202100226.0
008 120202s2011 viesd
041 |a vie 
072 |a Khóa luận tốt nghiệp - Cử nhân văn học 
082 |a 895.9221  |b LE-T 
100 1 |a Lê, Thị Trang 
245 1 |a Nghệ thuật thơ Chế Lan Viên qua tập Điêu tàn  |c Lê, Thị Trang 
260 |a Đại học Sư Phạm  |b Đại học Đà Nẵng  |c 2011 
300 |a 65 tr.  |c 29 cm. 
500 |a Khóa luận tốt nghiệp 
520 |a Chế Lan Viên - "người lạ mặt giữa thế giới điêu tàn''...Thế giới hình tượng trong thơ Chế Lan Viên qua tập Điêu tàn...Đặc trưng giọng điệu thơ Chế Lan Viên qua tập Điêu tàn... 
653 |a Điêu tàn  |a Chế Lan Viên 
700 |a Nguyễn, Phong Nam  |c Người hướng dẫn  |e GVC.TS 
OWN |a LSP 
999 |a From the UDN01 
TYP |a Monograph 
TYP |a Printed language 
980 |a Mạng thư viện Đại học Đà Nẵng